| 000 | 00400nam a2200157Ia 4500 | ||
|---|---|---|---|
| 008 | 230116s9999 xx 000 0 und d | ||
| 020 | _a9780974673608 | ||
| 041 | _aeng | ||
| 082 | _a720.22 | ||
| 100 |
_aRapoport A. _9106472 |
||
| 245 | _aCulture Architecture And Design. | ||
| 260 |
_bLoke Science Publishing Company. _c2005 |
||
| 300 | _a136 | ||
| 906 | _b37.0 | ||
| 999 |
_c84060 _d84060 |
||